Štúdium mált na báze vápien s hydraulickými vlastnosťami pre obnovu historických stavieb a použitie v súčasnosti

Salvato in:
Dettagli Bibliografici
Autore principale: Kormaník, Michal (Autore)
Altri autori: Pavlík, Vladimír (Relatore della tesi)
Natura: Manoscritto Libro
Lingua:slovacco
Pubblicazione: 2015
Soggetti:
Accesso online:http://is.stuba.sk/zp/portal_zp.pl?podrobnosti=94858
Tags: Aggiungi Tag
Nessun Tag, puoi essere il primo ad aggiungerne!!

MARC

LEADER 00000ntm a22000003a 4500
001 stuzp29627
003 SK-STU
005 20160719152931.1
007 ta
008 150427s2015----xo-----f-mn---000-0-slo-d
040 |a STU  |b slo 
041 0 |a slo 
100 1 |a Kormaník, Michal  |u 010260  |4 aut  |U SvF Stavebná fakulta  |T SvF Katedra materiálového inžinierstva  |X 38722  |U V260  |Y 27  |7 A000038722 
242 0 1 |a Study mortar, based on limes with hydraulic properties for the restoration of historic construction and use today  |y eng 
245 1 0 |a Štúdium mált na báze vápien s hydraulickými vlastnosťami pre obnovu historických stavieb a použitie v súčasnosti 
260 |c 2015 
650 4 |a puzolán  |2 slo 
650 4 |a vápno  |2 slo 
650 4 |a malta  |2 slo 
650 4 |a mortar  |2 eng 
650 4 |a lime  |2 eng 
650 4 |a pozzolan  |2 eng 
700 1 |a Pavlík, Vladimír  |4 ths  |X 752  |7 A000000752 
856 4 |u http://is.stuba.sk/zp/portal_zp.pl?podrobnosti=94858 
996 |b 284V041299  |c V* 3264/DP-1194  |l VVS  |s P  |a 0  |w stuzp29627_0001 
SQL |a stuzp29627  |b DDZ  |c SLO  |d Štúdium mált na báze vápien s hydraulickými vlastnosťami pre obnovu historických stavieb a použitie v súčasnosti  |e 38722  |f Kormaník, Michal  |g 010260  |h 752  |i Pavlík, Vladimír  |j 20150826  |k 678  |l 01  |m http://is.stuba.sk/zp/portal_zp.pl?podrobnosti=94858  |n D-TS4  |o 5.2.8. stavebníctvo